[Event "Belgrade Investbanka"]
[Site "Belgrade YUG"]
[Date "1987.??.??"]
[Round "8"]
[White "Hjartarson, Johann"]
[Black "Marjanovic, Slavoljub"]
[Result "1-0"]
[WhiteElo "2550"]
[BlackElo "2505"]
[PlyCount "99"]
[EventDate "1987.10.18"]

1. d4 d5 2. c4 dxc4 3. e3 Nf6 4. Bxc4 e6 5. Nf3 c5 6. O-O a6 7. a4 Nc6 8. Qe2 cxd4 9. Rd1 Be7 10. exd4 O-O 11. Nc3 Nd5 12. Bd3 Ncb4 13. Be4 Nf6 14. Ne5 Nxe4 15. Qxe4 Nd5 16. Qf3 Nxc3 17. bxc3 Qc7 18. Bf4 Bd6 19. a5 Rb8 20. Rab1 f6 21. Nd3 Bxf4 22. Qxf4 Qxf4 23. Nxf4 e5 24. Nd5 Be6 25. Nb6 Rf7 26. d5 Bf5 27. Rb4 h5 28. d6 Bd7 29. Nd5 Kf8 30. Nc7 Bc6 31. f4 Rc8 32. Ne6+ Kg8 33. f5 Rd7 34. Nc5 Rdd8 35. Nxb7 Bxb7 36. Rxb7 Rxc3 37. Rb6 e4 38. Rxa6 e3 39. Rb6 Ra3 40. a6 Ra2 41. Re1 Rc8 42. d7 Rd8 43. Rd6 Ra3 44. g3 Kf7 45. Kg2 Ke7 46. Re6+ Kxd7 47. R1xe3 Ra5 48. Rd3+ Kc7 49. Re7+ Kc8 50. Rxd8+ 1-0

[Event "Belgrade Investbanka"]
[Site "Belgrade YUG"]
[Date "1987.??.??"]
[Round "8"]
[White "Ivanovic, Bozidar"]
[Black "Timman, Jan"]
[Result "1/2-1/2"]
[WhiteElo "2535"]
[BlackElo "2630"]
[PlyCount "70"]
[EventDate "1987.10.18"]

1. e4 e5 2. Nf3 Nc6 3. Bb5 a6 4. Ba4 Nf6 5. O-O Nxe4 6. d4 b5 7. Bb3 d5 8. dxe5 Be6 9. Qe2 Be7 10. Rd1 O-O 11. c4 bxc4 12. Bxc4 Bc5 13. Be3 Bxe3 14. Qxe3 Qb8 15. Bb3 Qb6 16. Qxb6 cxb6 17. Na3 Rfd8 18. Nc2 Na5 19. Ncd4 Nc4 20. Rab1 Rac8 21. h3 h6 22. Re1 Nc5 23. Bc2 Bd7 24. Re2 Re8 25. b3 Na3 26. Rd1 Bb5 27. Re3 Nxc2 28. Nxc2 Nxb3 29. Na3 Rc1 30. Rde1 Rxe1+ 31. Rxe1 Nc5 32. Nxb5 axb5 33. Rb1 Ra8 34. Rxb5 Rxa2 35. Rxb6 Ra1+ 1/2-1/2

[Event "Belgrade Investbanka"]
[Site "Belgrade YUG"]
[Date "1987.??.??"]
[Round "8"]
[White "Ljubojevic, Ljubomir"]
[Black "Kortschnoj, Viktor"]
[Result "1/2-1/2"]
[WhiteElo "2625"]
[BlackElo "2630"]
[PlyCount "61"]
[EventDate "1987.10.18"]

1. e4 e6 2. d4 d5 3. Nc3 Nf6 4. Bg5 Be7 5. e5 Nfd7 6. Bxe7 Qxe7 7. Nb5 Nb6 8. a4 a6 9. a5 axb5 10. axb6 Rxa1 11. Qxa1 c6 12. Qa8 Qb4+ 13. c3 Qxb2 14. Ne2 b4 15. Qxb8 O-O 16. cxb4 Qxb4+ 17. Kd1 c5 18. Qc7 Qa4+ 19. Kd2 Bd7 20. Ke3 Rc8 21. Qxb7 cxd4+ 22. Nxd4 Rc3+ 23. Bd3 g5 24. Qb8+ Kg7 25. Qd8 Rxd3+ 26. Kxd3 Qc4+ 27. Ke3 Qc3+ 28. Ke2 Qb2+ 29. Kd3 Bb5+ 30. Nxb5 Qxb5+ 31. Kd2 1/2-1/2

[Event "Belgrade Investbanka"]
[Site "Belgrade YUG"]
[Date "1987.??.??"]
[Round "8"]
[White "Salov, Valery"]
[Black "Gligoric, Svetozar"]
[Result "0-1"]
[WhiteElo "2575"]
[BlackElo "2525"]
[PlyCount "182"]
[EventDate "1987.10.18"]

1. d4 Nf6 2. c4 e6 3. Nc3 Bb4 4. e3 c5 5. Bd3 Nc6 6. Nge2 d5 7. cxd5 exd5 8. O-O O-O 9. a3 cxd4 10. axb4 dxc3 11. b5 Ne5 12. Nxc3 Qc7 13. Be2 Rd8 14. Ra4 b6 15. Rd4 Bb7 16. f3 Rac8 17. Qa4 Ned7 18. Rfd1 Nc5 19. Qa3 h6 20. Bf1 Re8 21. Ne2 Re5 22. Rh4 Qe7 23. b4 Ncd7 24. Qxa7 Ne8 25. Rh3 Nd6 26. Qa1 Ra8 27. Qb1 Nxb5 28. Qb3 Rc8 29. Rg3 Rc4 30. Bd2 Nd6 31. Nd4 Rc8 32. e4 Rh5 33. Bf4 Ne5 34. exd5 Qf6 35. Be3 Nec4 36. Bf2 Bxd5 37. Qb1 Re8 38. Qc1 Rc8 39. Re1 Re5 40. Rxe5 Nxe5 41. Qd2 Bc4 42. Bxc4 Nexc4 43. Qc1 Ne5 44. Qd2 Nd3 45. Qxd3 Rc1+ 46. Be1 Rxe1+ 47. Kf2 Re5 48. Nc6 Ne4+ 49. Kg1 Qxc6 50. fxe4 Rxe4 51. Qd8+ Kh7 52. Qd2 Qc4 53. Rf3 f6 54. Qd7 Re1+ 55. Kf2 Qe2+ 56. Kg3 Qe5+ 57. Kf2 Re4 58. Qd3 f5 59. h3 Kg6 60. Rg3+ Kh7 61. Rf3 h5 62. Qd7 Kg6 63. Qc6+ Qf6 64. Rg3+ Kh6 65. Qxf6+ gxf6 66. Rf3 Kg6 67. Rg3+ Kf7 68. Rf3 Ke6 69. b5 Rb4 70. Kg3 h4+ 71. Kf2 f4 72. Rc3 Rxb5 73. Rc8 Rd5 74. Rh8 b5 75. Rxh4 Ke5 76. Rh8 Kd4 77. Kf3 b4 78. Kxf4 b3 79. Rb8 Kc3 80. Rc8+ Kb4 81. Rc1 Rh5 82. Rb1 Kc3 83. Rh1 b2 84. g4 Ra5 85. Rb1 Ra1 86. Rxb2 Kxb2 87. Kf5 Rf1+ 88. Kg6 Kc3 89. h4 Kd4 90. h5 Ke5 91. h6 Rg1 0-1

[Event "Belgrade Investbanka"]
[Site "Belgrade YUG"]
[Date "1987.??.??"]
[Round "9"]
[White "Ivanovic, Bozidar"]
[Black "Gligoric, Svetozar"]
[Result "1/2-1/2"]
[WhiteElo "2535"]
[BlackElo "2525"]
[PlyCount "37"]
[EventDate "1987.10.18"]

1. e4 e5 2. Nf3 Nc6 3. Bb5 a6 4. Ba4 Nf6 5. O-O Be7 6. Re1 b5 7. Bb3 d6 8. c3 O-O 9. h3 Nb8 10. d4 Nbd7 11. Nbd2 Bb7 12. Bc2 Re8 13. Nf1 Bf8 14. Ng3 g6 15. a4 c5 16. dxe5 dxe5 17. Qe2 Bc6 18. axb5 axb5 19. Bg5 1/2-1/2

[Event "Belgrade Investbanka"]
[Site "Belgrade YUG"]
[Date "1987.??.??"]
[Round "9"]
[White "Kortschnoj, Viktor"]
[Black "Beliavsky, Alexander"]
[Result "1-0"]
[WhiteElo "2630"]
[BlackElo "2630"]
[PlyCount "57"]
[EventDate "1987.10.18"]

1. d4 d5 2. c4 e6 3. Nc3 Nf6 4. Bg5 Be7 5. e3 h6 6. Bh4 O-O 7. Rc1 c5 8. dxc5 dxc4 9. Bxc4 Qxd1+ 10. Kxd1 Nbd7 11. Nf3 Nxc5 12. Ke2 a6 13. a4 Rd8 14. Ne5 g5 15. Bg3 Nfe4 16. Nxe4 Nxe4 17. Bd3 Nc5 18. Bc2 Nd7 19. Nc4 e5 20. Rhd1 f6 21. f3 Rb8 22. Nd6 Nc5 23. Nxc8 Rbxc8 24. b4 Ne6 25. Rxd8+ Rxd8 26. Bb3 Kf7 27. Rc7 b5 28. axb5 axb5 29. f4 1-0

[Event "Belgrade Investbanka"]
[Site "Belgrade YUG"]
[Date "1987.??.??"]
[Round "9"]
[White "Salov, Valery"]
[Black "Hjartarson, Johann"]
[Result "1/2-1/2"]
[WhiteElo "2575"]
[BlackElo "2550"]
[PlyCount "94"]
[EventDate "1987.10.18"]

1. d4 Nf6 2. Nf3 d5 3. c4 e6 4. Nc3 Be7 5. Bg5 h6 6. Bh4 O-O 7. e3 b6 8. Be2 Bb7 9. Bxf6 Bxf6 10. cxd5 exd5 11. b4 c5 12. bxc5 bxc5 13. Rb1 Bc6 14. O-O Nd7 15. Bb5 Qc7 16. Qa4 Nb6 17. Qa5 cxd4 18. exd4 Rfc8 19. Bxc6 Qxc6 20. Rb3 Qc4 21. Rd1 Rc6 22. g3 g6 23. Kg2 Kg7 24. h3 h5 25. h4 Re6 26. Rd2 Rae8 27. Qb5 Rd8 28. Rd1 Rc8 29. Qa5 Rd8 30. Rd2 Qc6 31. Re2 Rd7 32. Rxe6 Qxe6 33. Qb5 Nc4 34. Rb4 Be7 35. Ra4 Nb6 36. Ra6 Qf5 37. Qe2 Bf6 38. Ra5 Rc7 39. Qe1 Re7 40. Qd1 Rc7 41. Qb3 Nc4 42. Rxd5 Qxf3+ 43. Kxf3 Nd2+ 44. Kg2 Nxb3 45. Nb5 Rc8 46. axb3 a6 47. Na3 Rc3 1/2-1/2

[Event "Belgrade Investbanka"]
[Site "Belgrade YUG"]
[Date "1987.??.??"]
[Round "10"]
[White "Ivanovic, Bozidar"]
[Black "Hjartarson, Johann"]
[Result "0-1"]
[WhiteElo "2535"]
[BlackElo "2550"]
[PlyCount "118"]
[EventDate "1987.10.18"]

1. e4 e5 2. Nf3 Nc6 3. Bb5 a6 4. Ba4 Nf6 5. O-O Be7 6. Re1 b5 7. Bb3 d6 8. c3 O-O 9. d4 Bg4 10. d5 Na5 11. Bc2 c6 12. h3 Bc8 13. dxc6 Qc7 14. a4 Qxc6 15. Nbd2 Bb7 16. Bd3 Nc4 17. Qe2 Nxd2 18. Bxd2 bxa4 19. Qd1 Nd7 20. Be3 Nb6 21. Bxb6 Qxb6 22. Rxa4 a5 23. Ra2 Bc6 24. Bc2 Qb7 25. Qe2 g6 26. Ba4 Bxa4 27. Rxa4 Rfb8 28. Ra2 Qb3 29. Rea1 Bd8 30. Kf1 Bc7 31. Nd2 Qb7 32. Nc4 Kg7 33. Qd3 Qc6 34. Kg1 Rb3 35. Nd2 Rbb8 36. Qc4 Qxc4 37. Nxc4 Rb3 38. Kf1 Rab8 39. Rd1 h5 40. Ke2 f5 41. f3 Kf6 42. Rd2 Ke6 43. Rd5 f4 44. Kd3 g5 45. Kc2 R3b5 46. Rxb5 Rxb5 47. Ra1 Rc5 48. Nd2 Bb6 49. Nb3 Rb5 50. Ra4 Bc7 51. c4 Rb8 52. Nxa5 Ra8 53. b4 g4 54. hxg4 hxg4 55. c5 Rh8 56. Nc4 dxc5 57. Ra7 Rh2 58. Rxc7 gxf3 59. Rc6+ Ke7 0-1

[Event "Belgrade Investbanka"]
[Site "Belgrade YUG"]
[Date "1987.??.??"]
[Round "10"]
[White "Ljubojevic, Ljubomir"]
[Black "Beliavsky, Alexander"]
[Result "1/2-1/2"]
[WhiteElo "2625"]
[BlackElo "2630"]
[PlyCount "120"]
[EventDate "1987.10.18"]

1. e4 e5 2. Nf3 Nc6 3. Bb5 a6 4. Ba4 Nf6 5. O-O Be7 6. Re1 b5 7. Bb3 d6 8. c3 O-O 9. h3 Nb8 10. d4 Nbd7 11. Nbd2 Bb7 12. Bc2 Re8 13. Nf1 Bf8 14. Ng3 g6 15. a4 c5 16. d5 c4 17. Bg5 h6 18. Be3 Nc5 19. Qd2 h5 20. Bg5 Be7 21. Bh6 Nfd7 22. Qe3 Rb8 23. Rf1 Bf8 24. Bxf8 Rxf8 25. Nd2 Bc8 26. axb5 axb5 27. f4 exf4 28. Qxf4 Ne5 29. Nf3 Qe7 30. Qh6 b4 31. Ne2 b3 32. Bb1 Nxf3+ 33. Rxf3 Qe5 34. Nf4 Qg7 35. Qg5 Re8 36. Rg3 Re5 37. Qd8+ Qf8 38. Qf6 Nd7 39. Qh4 Kh7 40. Ra4 Nb6 41. Ra7 Rb7 42. Rxb7 Bxb7 43. Rf3 Qe8 44. Qf6 Qe7 45. Nxh5 Qxf6 46. Rxf6 Re7 47. Rxd6 Nc8 48. Rd8 gxh5 49. e5+ Kg7 50. d6 Nxd6 51. Rxd6 Rxe5 52. Kf2 Rg5 53. g3 h4 54. g4 Rd5 55. Rxd5 Bxd5 56. Bf5 Kf6 57. Ke3 Ke5 58. Bc8 f6 59. Ba6 Be6 60. Bb5 Bd5 1/2-1/2

[Event "Belgrade Investbanka"]
[Site "Belgrade YUG"]
[Date "1987.??.??"]
[Round "10"]
[White "Salov, Valery"]
[Black "Short, Nigel David"]
[Result "1/2-1/2"]
[WhiteElo "2575"]
[BlackElo "2620"]
[PlyCount "82"]
[EventDate "1987.10.18"]

1. Nf3 d5 2. c4 d4 3. e3 Nc6 4. exd4 Nxd4 5. Nxd4 Qxd4 6. Nc3 e5 7. d3 Ne7 8. Qe2 Bd7 9. Be3 Qd6 10. O-O-O O-O-O 11. g3 Nf5 12. Bg2 Nxe3 13. Qxe3 Qd4 14. Qxd4 exd4 15. Ne4 Be7 16. h4 h6 17. h5 Rhe8 18. Bh3 Bxh3 19. Rxh3 f5 20. Nd2 Bg5 21. f4 Bf6 22. Rh2 Re3 23. Nf1 Re7 24. Rg2 Rde8 25. Kd2 Kd7 26. Nh2 a5 27. Rf1 Re3 28. Nf3 c6 29. Ne1 b5 30. cxb5 cxb5 31. Nc2 R3e6 32. Rff2 Rc6 33. Re2 Rec8 34. Ke1 b4 35. Rd2 Rc5 36. Rge2 Kc6 37. Kf2 Kb5 38. Kf3 Ka4 39. Kf2 b3 40. axb3+ Kxb3 41. Na1+ Kb4 1/2-1/2

[Event "Belgrade Investbanka"]
[Site "Belgrade YUG"]
[Date "1987.??.??"]
[Round "11"]
[White "Popovic, Petar"]
[Black "Gligoric, Svetozar"]
[Result "1-0"]
[WhiteElo "2560"]
[BlackElo "2525"]
[PlyCount "91"]
[EventDate "1987.10.18"]

1. e4 e5 2. Nf3 Nc6 3. Bb5 a6 4. Ba4 Nf6 5. O-O Be7 6. Re1 b5 7. Bb3 d6 8. c3 O-O 9. h3 Bb7 10. d4 Re8 11. Nbd2 Bf8 12. Bc2 g6 13. Nf1 exd4 14. cxd4 Nb4 15. Ng3 Nxc2 16. Qxc2 c5 17. d5 Bg7 18. Bf4 Qb6 19. Qd2 Nd7 20. Rac1 c4 21. Bh6 Bh8 22. Be3 Qd8 23. Bd4 Bxd4 24. Qxd4 Qf6 25. Qd2 Nc5 26. Re3 Nd3 27. Rc3 a5 28. b3 Ba6 29. bxc4 bxc4 30. Ne1 Rac8 31. Rf3 Qe5 32. Nc2 Rb8 33. Ra3 Rb2 34. Rxa5 c3 35. Qh6 Rxc2 36. Rxa6 Nxf2 37. Rxf2 Rxf2 38. Kxf2 c2 39. Rc6 g5 40. Ne2 Qxe4 41. Qxg5+ Kf8 42. Qd2 Re5 43. Rxc2 Qf5+ 44. Kg1 Rxd5 45. Qh6+ Kg8 46. Rc3 1-0

[Event "Belgrade Investbanka"]
[Site "Belgrade YUG"]
[Date "1987.??.??"]
[Round "11"]
[White "Short, Nigel David"]
[Black "Ivanovic, Bozidar"]
[Result "1-0"]
[WhiteElo "2620"]
[BlackElo "2535"]
[PlyCount "71"]
[EventDate "1987.10.18"]

1. e4 e5 2. Nf3 Nc6 3. Bb5 g6 4. d4 exd4 5. Bg5 Be7 6. Bf4 a6 7. Ba4 Nf6 8. Qe2 O-O 9. Nbd2 b5 10. Bb3 Na5 11. e5 Nh5 12. Bh6 Ng7 13. Nxd4 Bb7 14. N4f3 d5 15. c3 Nxb3 16. Nxb3 c5 17. O-O Re8 18. Rfe1 Qc7 19. Rad1 Ne6 20. h4 Rad8 21. Ng5 Qb6 22. Nxe6 Qxe6 23. Bg5 Rc8 24. Bxe7 Qxe7 25. Qg4 Rc7 26. Qf4 Qe6 27. Re3 Qb6 28. h5 Re6 29. Nd2 d4 30. cxd4 cxd4 31. Nb3 Qc6 32. Rg3 Qe4 33. Qxe4 Bxe4 34. Rxd4 Rxe5 35. Re3 Rce7 36. f4 1-0